000 00280nam a2200109Ia 4500
008 220204s9999 xx 000 0 und d
082 _a546.3
_bSTR
245 0 _aApplied science in the casting of materials
260 _aOxford
_bPergamon
_c1970
700 _aStrauss, K
942 _cBK
999 _c31981
_d31981